| 000 | 00822cam a2200253 a 4500 | ||
|---|---|---|---|
| 001 | 496851 | ||
| 003 | ASAB | ||
| 005 | 20180827062606.0 | ||
| 008 | 850219t19851958nyu 000 1 eng | ||
| 010 | _a 85004398 | ||
| 020 | _a0396087043 | ||
| 040 |
_aDLC _cDLC _dDLC |
||
| 050 | 0 | 0 |
_aPR6005.H66 _bO74 1985 |
| 082 | 0 | 0 |
_a823/.912 _221 |
| 100 | 1 |
_aChristie, Agatha, _d1890-1976. _91453 |
|
| 245 | 1 | 0 |
_apoirot in the orient _cAgatha Christie. |
| 250 | _aWinterbrook ed., 1st ed. | ||
| 260 |
_aNew York : _bDodd, Mead, _c[1985?], c1958. |
||
| 300 |
_a280 p. ; _c22 cm. |
||
| 655 | 7 |
_aDetective and mystery stories. _2gsafd _91454 |
|
| 856 | 4 | 2 |
_3Contributor biographical information _uhttp://www.loc.gov/catdir/enhancements/fy1209/85004398-b.html |
| 906 |
_a7 _bcbc _corignew _d1 _eocip _f19 _gy-gencatlg |
||
| 942 |
_2ddc _cBK |
||
| 999 |
_c479938 _d479938 |
||